Ο Περιφερειακός - Τοπικός Τύπος και ο Ρόλος του στα Πολιτικά Δρώμενα. (Record no. 8649)
[ view plain ]
| 000 -LEADER | |
|---|---|
| fixed length control field | 02201cam a22001934a 4500 |
| 005 - ΗΜΕΡΟΜΗΝΙΑ ΚΑΙ ΩΡΑ ΤΕΛΕΥΤΑΙΑΣ ΕΝΗΜΕΡΩΣΗΣ | |
| Πεδίο ελέγχου | 20250605164342.0 |
| 008 - FIXED-LENGTH DATA ELEMENTS--GENERAL INFORMATION | |
| Πεδίο ελέγχου σταθερού μήκους | 250528s ||||||||||||||||||||||||d |
| 035 ## - SYSTEM CONTROL NUMBER | |
| System control number | 23652 |
| 040 ## - ΠΗΓΗ ΚΑΤΑΛΟΓΟΓΡΑΦΗΣΗΣ | |
| Φορέας πρωτότυπης καταλογογράφησης | MC Athens Campus Library |
| Γλώσσα καταλογογράφησης | Ελληνικά, Μοντέρνα (1453-) |
| Modifying agency | MC Athens Campus Library |
| Κανόνες περιγραφικής καταλογογράφησης | AACR2 |
| 245 1# - ΤΙΤΛΟΣ ΚΑΙ ΔΗΛΩΣΗ ΥΠΕΥΘΥΝΟΤΗΤΑΣ | |
| Τίτλος | Ο Περιφερειακός - Τοπικός Τύπος και ο Ρόλος του στα Πολιτικά Δρώμενα. |
| 260 ## - PUBLICATION, DISTRIBUTION, ETC. | |
| Date of publication, distribution, etc. | 2011 |
| 300 ## - PHYSICAL DESCRIPTION | |
| Extent | 28 |
| 520 ## - SUMMARY, ETC. | |
| Summary, etc. | Η Ιστορία του Ελληνικού Τύπου και Ειδικά του Τοπικού, Η Ανάπτυξη του Περιφερειακού - Τοπικού Τύπου από την Στιγμή της Εμφάνισης του, Ο Ρόλος και η Σημαντικότητα του Τοπικού Τύπου μέχρι την Σημερινή του Μορφή, Γιατί είναι Σημαντική η Περιφερειακότητα στην Δημοσιογραφία, Η Απήχηση του Τοπικού Τύπου Σήμερα, Βασικά Χαρακτηριστικά του Τοπικού Τύπου, Μέτρα που Πρέπει να Ληφθούν για την Ανάκαμψη του Τύπου, Η μορφή του Περιοδικού Τοπικού Τύπου και το Μερίδιό του στην Ενημέρωση, Ο Ρόλος του Τύπου και η Σχέση του με τον Πολίτη, Αύξηση της Ανταγωνιστικότητας του Τοπικού Τύπου, Αύξηση και της Ευθύνης Απέναντι στους Αναγνώστες, Τοπικός Τύπος και Ευκαιριακά έντυπα, Η Σχέση της Τοπικής Αυτοδιοίκησης με τον Περιφεριακό - Τοπικό Τύπο, Η σχέση του Κράτους με τον Τοπικό Τύπο, το Internet και τα ΜΜΕ, Αναφορές Πολιτικών Προσώπων στην Σπουδαιότητα του Τοπικού Τύπου, Συμπεράσματα, Βιβλιογραφία. |
| 700 1# - ΠΡΟΣΘΕΤΗ ΑΝΑΓΡΑΦΗ--ΦΥΣΙΚΟ ΠΡΟΣΩΠΟ | |
| Personal name | Βενετσάνου Ηλέκτρα |
| 9 (RLIN) | 9248 |
| 700 1# - ΠΡΟΣΘΕΤΗ ΑΝΑΓΡΑΦΗ--ΦΥΣΙΚΟ ΠΡΟΣΩΠΟ | |
| Personal name | Χατζηπαναγιώτου Δήμητρα |
| 9 (RLIN) | 9249 |
| 942 ## - ADDED ENTRY ELEMENTS (KOHA) | |
| Koha item type | Διπλωματική εργασία |
| Τύπος τεκμηρίου | Βιβλιοθήκη | Τρέχουσα τοποθεσία | Barcode | Ημερομηνία απόκτησης | Ταξιθετικό σύμβολο | Αριθμός αντιτύπου | Κατάσταση απόσυρσης | Κατάσταση χαμένου | Κατάσταση κατεστραμμένου | Μη δανεισμός | Σύνολο δανεισμών | Ημερομηνία τελευταίας εμφάνισης | Η τιμή ισχύει από |
|---|---|---|---|---|---|---|---|---|---|---|---|---|---|
| Διπλωματική εργασία | MC Athens Campus Library | MC Athens Campus Library | 9780000086488 | 05/06/2025 | BUS 2011 (14) | 1 | 05/06/2025 | 05/06/2025 |